LDR 01021naa#a2200169#i#450# 001 RU\RIOR\bibl\126080 005 20260629160846.1 011 ## _a2409-6024 100 ## _a20260530b2026####ek#y0rusy0150####ca 102 ## _aRU 200 1# _aТеоретические основы повышения экспортного потенциала агрохолдингов на основе концепции устойчивого развития _eЖурнальная статья 210 1# _aМосква _cООО "Издательский Центр РИОР" _d2026 215 ## _a9 с. 608 ## _aЖурнальная статья _2local 675 ## _aВнешняя торговля. Международная торговля. Внешнеторговая политика. Таможенные пошлины. 339.5 _aОрганизация и управление сельскохозяйственным производством. 631.1 _z 700 #1 _aНаумова _gТатьяна Александровна 856 4# _ariorpub.com _u